Causes and effects of heavy metal pollution / (Record no. 332332)

000 -LEADER
fixed length control field 01075cam a2200253 a 4500
001 - CONTROL NUMBER
control field 15361248
003 - CONTROL NUMBER IDENTIFIER
control field NUST
005 - DATE AND TIME OF LATEST TRANSACTION
control field 20171124121509.0
008 - FIXED-LENGTH DATA ELEMENTS--GENERAL INFORMATION
fixed length control field 080710s2008 nyuab b 001 0 eng
010 ## - LIBRARY OF CONGRESS CONTROL NUMBER
LC control number 2008030631
020 ## - INTERNATIONAL STANDARD BOOK NUMBER
International Standard Book Number 9781604569001 (hardcover)
020 ## - INTERNATIONAL STANDARD BOOK NUMBER
International Standard Book Number 160456900X (hardcover)
035 ## - SYSTEM CONTROL NUMBER
System control number (OCoLC)ocn233798917
040 ## - CATALOGING SOURCE
Original cataloging agency DLC
Transcribing agency DLC
Modifying agency YDXCP
-- BTCTA
-- C#P
-- BWX
-- DLC
050 00 - LIBRARY OF CONGRESS CALL NUMBER
Classification number TD196.M4
Item number C38 2008
082 00 - DEWEY DECIMAL CLASSIFICATION NUMBER
Classification number 628.52 SAN
Edition number 22
245 00 - TITLE STATEMENT
Title Causes and effects of heavy metal pollution /
Statement of responsibility, etc. Mikel L. Sánchez, Editor.
260 ## - PUBLICATION, DISTRIBUTION, ETC.
Place of publication, distribution, etc. New York :
Name of publisher, distributor, etc. Nova Science Publishers,
Date of publication, distribution, etc. c2008.
300 ## - PHYSICAL DESCRIPTION
Extent xiv, 392 p. :
Other physical details ill. (some col.), maps (some col.) ;
Dimensions 27 cm.
500 ## - GENERAL NOTE
General note H.B
504 ## - BIBLIOGRAPHY, ETC. NOTE
Bibliography, etc. note Includes bibliographical references and index.
650 #0 - SUBJECT ADDED ENTRY--TOPICAL TERM
Topical term or geographic name entry element Heavy metals
General subdivision Environmental aspects.
9 (RLIN) 3026
700 1# - ADDED ENTRY--PERSONAL NAME
Personal name Sánchez, Mikel L.
9 (RLIN) 6771
906 ## - LOCAL DATA ELEMENT F, LDF (RLIN)
a 7
b cbc
c orignew
d 1
e ecip
f 20
g y-gencatlg
942 ## - ADDED ENTRY ELEMENTS (KOHA)
Source of classification or shelving scheme
Koha item type Book
Call number prefix IESE
Holdings
Withdrawn status Lost status Source of classification or shelving scheme Damaged status Not for loan Collection code Permanent Location Current Location Shelving location Date acquired Total Checkouts Full call number Barcode Date last seen Price effective from Koha item type
            Central Library (CL) Central Library (CL) General Stacks 11/24/2017   628.52 SAN IESE-2764 11/24/2017 11/24/2017 Book
© 2023 Central Library, National University of Sciences and Technology. All Rights Reserved.